All about our changing rocks (Record no. 1335633)

MARC details
000 -LEADER
fixed length control field 00493nam a2200181Ia 4500
005 - DATE AND TIME OF LATEST TRANSACTION
control field 20250508152314.0
008 - FIXED-LENGTH DATA ELEMENTS--GENERAL INFORMATION
fixed length control field 008 250505s9999 xx 000 0 eng d
037 ## - SOURCE OF ACQUISITION
Stock number Textual
040 ## - CATALOGING SOURCE
Original cataloging agency FEDL
Language of cataloging eng
Transcribing agency FEDL
041 ## - LANGUAGE CODE
Language code of text/sound track or separate title eng
Source of code eng
084 ## - COLON CLASSIFICATION NUMBER
Classification number 552.4, WHI
Assigning agency FEDL
100 ## - MAIN ENTRY--PERSONAL NAME
Personal name White Anne Terry
9 (RLIN) 624930
245 #0 - TITLE STATEMENT
Title All about our changing rocks
260 ## - PUBLICATION, DISTRIBUTION, ETC.
Place of publication, distribution, etc. New York, USA
Name of publisher, distributor, etc. Random House
Date of publication, distribution, etc. 1955
300 ## - PHYSICAL DESCRIPTION
Extent 142p.
942 ## - ADDED ENTRY ELEMENTS (KOHA)
Koha item type Textual
Classification part 552.4, WHI
Holdings
Withdrawn status Lost status Damaged status Not for loan Home library Current library Date acquired Total Checkouts Full call number Barcode Date last seen Price effective from Koha item type
        Department of Education Library Department of Education Library 2025-05-08   552.4, WHI EL0017522 2025-05-08 2025-05-08 Textual
Copyright @ Delhi University Library System